Loading...
| Current Events - Current Events | 4 | 15.00 | 50% | 50% | 50% |
| Fine Arts - Auditory Fine Arts | 5 | 12.00 | 40% | 60% | 20% |
| Fine Arts - Other Fine Arts | 2 | 25.00 | 100% | 50% | 100% |
| Fine Arts - Visual Fine Arts | 6 | 16.67 | 67% | 67% | 33% |
| Geography - Geography | 1 | 0.00 | 0% | 0% | 0% |
| History - American History | 3 | 16.67 | 67% | 67% | 33% |
| History - European History | 2 | 0.00 | 0% | 0% | 0% |
| History - Other History | 4 | 10.00 | 25% | 50% | 25% |
| History - World History | 4 | 17.50 | 75% | 25% | 75% |
| Literature - American Literature | 4 | 17.50 | 25% | 100% | 50% |
| Literature - British Literature | 4 | 17.50 | 75% | 50% | 50% |
| Literature - European Literature | 4 | 17.50 | 50% | 50% | 75% |
| Literature - World Literature | 4 | 25.00 | 100% | 100% | 50% |
| Mythology - Mythology | 3 | 13.33 | 33% | 33% | 67% |
| Philosophy - Philosophy | 3 | 20.00 | 100% | 33% | 67% |
| Religion - Religion | 3 | 13.33 | 33% | 33% | 67% |
| Science - Biology | 2 | 10.00 | 50% | 0% | 50% |
| Science - Chemistry | 7 | 17.14 | 57% | 57% | 57% |
| Science - Other Science | 3 | 16.67 | 33% | 67% | 67% |
| Science - Physics | 4 | 15.00 | 50% | 25% | 75% |
| Social Science - Social Science | 2 | 25.00 | 100% | 50% | 100% |
| Trash - Trash | 1 | 30.00 | 100% | 100% | 100% |